| 000 | 00532nam a2200193Ia 4500 | ||
|---|---|---|---|
| 008 | 210719s2018 xx 000 0 und d | ||
| 020 | _a978-93-5260-517-0 | ||
| 041 | _aeng | ||
| 082 | _a574.5 JOSE | ||
| 100 | _aJOSEPH (Benny) | ||
| 245 | _aEnvironmental studies:simplified Ed 3 | ||
| 250 | _a3 | ||
| 260 |
_aChennai _bMcGraw Hill Education (India) Private Limited _c2018 |
||
| 300 |
_axxii,244 _bPB |
||
| 365 |
_b480 _cRs |
||
| 650 | _aEcology | ||
| 650 | _aEcology | ||
| 906 | _a3 ; Ed ; Environmental ; studies:simplified | ||
| 999 |
_c212027 _d212027 |
||